000 00471nam a2200181Ia 4500
001 18221
005 20260306171614.0
008 260306s9999||||xx |||||||||||||| ||und||
041 _aESP
082 _a658.4012
_bW53
100 _aWheelen, Thomas L.
_eAUT
245 0 _aAdministración estratégica y política de negocios:
_bconceptos y casos
260 _c2007
300 _a768 páginas :
_c27 cm.
650 _aGEN
654 _aCAN
942 _cLIB
_dJUS
_fJUS
_2ddc
_n
999 _c18221
_d18221